Score 0/13 Timer 02:00
1 Play Today
Clue Word % Correct
Spoiled, as of bread or cheeseMOLDY
89.9%
Narrow passageway behind or between buildingsALLEY
87.3%
Parts in a play or filmROLES
81.6%
J. K. Rowling's Mad-Eye or Megan McDonald's JudyMOODY
81.2%
Mother of Ginny, Ron, Fred, George, Percy, Bill, and CharlieMOLLY
76.5%
Surveys, canvasses, solicits opinions or votesPOLLS
71.2%
Phantom or Silver Shadow, informallyROLLS
66.2%
Irks, irritates, annoysRILES
64.9%
With the first rung, a great American filmmakerALLEN
64.3%
Archetypal cracker aficionadoPOLLY
63.4%
With the last rung, a great American filmmakerWOODY
59.9%
Long-running 1940s-1950s radio/TV series, 'The Life of ____'RILEY
59.6%
American choreographer and dance company founder, Alvin ____AILEY
56%

Today's Daily Dose

You're not logged in!

Compare scores with friends on all Sporcle quizzes.
OR
Log In

Sporcle TV

Today on Sporcle TV


Watch our educational content, quiz creation guides, and fun videos on Sporcle TV.

Show Comments

Extras

Top Quizzes Today


Score Distribution

Your Account Isn't Verified!

In order to create a playlist on Sporcle, you need to verify the email address you used during registration. Go to your Sporcle Settings to finish the process.

Report this User

Report this user for behavior that violates our Community Guidelines.

Details: